00242nam a2200109Ia 4500100002000000654001500020245002600035260003300061082001800094300000800112546001200120 aParker/Sybil P  adictionary aDictionary of physics bMc Graw HillaNew Yorkc1985 a530.0321bPAR a646 aENGLISH